000 00671nam a2200217 a 4500
003 BD-RjUL
005 20220509115635.0
008 220509s1952 ii ||||| |||| 00| 0 eng d
035 _a(BD-RjUL)
040 _aBD-RjUL
_beng
_cBD-RjUL
041 _aeng
082 _223
_a347.06
_bRAL 1952
100 _aRao, Y.H.
_92836
245 1 0 _aThe law of pre-trial statements and depositions /
_cby Y.H. Rao ; assisted by Y.R. Rao.
260 _aGudur :
_bCriminal law publications,
_c1952
300 _axli pages, 1 leaf, 518 pages ;
_c25 cm.
650 _aEvidence (Law)
_92837
650 _aEvidence (Law)
_zIndia
_92838
700 _aRao, Y.R.
_92839
942 _2ddc
_cBK
999 _c79770
_d79770